000 02239nam0a2200397 4500
001 RU\NLR\bibl\868057
005 20260405085234.0
010 _a5-89769-159-2
_95000
021 _aRU
_b2005-40601
_92018
035 _a(nilc)RSL-KNO-002678184
035 _a(NLR Aleph) 000856695
090 _a1514072
_c1514072
100 _a20050622d2005 |||y0rusy50 ca
101 0 _arus
_aeng
102 _aRU
105 _aa |||||||||
106 _ar
200 1 _aЯзык рекламы
_dLanguage of advertising
_eпособие по английскому языку
_fО.А. Шевелева
_zeng
210 _aМосква
_cГрамотей
_d2005
_eДомодедово
_gДПК
215 _a39,[1] с.
_cил.
_d29
300 _aНа обл.: Language of advertising / Oi[т.е.l]ga Sheveleva
512 1 _6z11790
_aLanguage of advertising
_zeng
606 1 _aАнглийский язык
_jУчебные издания для высших учебных заведений
_xСтилистика
_9977129
_3RU\NLR\auth\6648589
610 0 _aФилологические науки. Художественная литература -- Языкознание -- Индоевропейские языки -- Германские языки -- Западногерманские языки -- Английский язык -- Преподавание и методика изучения языка -- Учебники и учебные пособия по отдельным аспектам языка -- Учебники и пособия по стилистике -- Учебные пособия для высшей школы
610 0 _aязык рекламы
_aанглийский язык для экономистов
686 _aШ143.21-937.03
_2rubbk
686 _aШ143.21-93рус3-70
686 _aШ143.21-93рус221[11]
700 1 _4070
_8rus
_7ca
_aШевелева
_bО. А.
_gОльга Александровна
_3RU\NLR\auth\7731262
_914272
790 1 _4070
_8rus
_7ba
_aŠeveleva
_bO. A.
_gOl'ga Aleksandrovna
_3RU\NLR\auth\7731264
_914274
801 0 _aRU
_bRuMoRKP
_c20050622
_grcr
801 1 _aRU
_bRuMoRGB
_c20050622
801 2 _aRU
_bNLR
_c20051108
_grcr
942 _cBOOK
980 _aNB